Simulación: métodos y aplicaciones
Guardado en:
| Autores principales: | , , , |
|---|---|
| Formato: | Libro |
| Lenguaje: | español |
| Publicado: |
Ciudad de México
Alfaomega
2009
|
| Edición: | 2a. ed |
| Materias: | |
| Etiquetas: |
Agregar Etiqueta
Sin Etiquetas, Sea el primero en etiquetar este registro!
|
MARC
| LEADER | 00000cam a2200000 a 4500 | ||
|---|---|---|---|
| 001 | UCH8956 | ||
| 003 | CL-VaPUC | ||
| 005 | 20231116093939.0 | ||
| 008 | 091217e20090000MX |||||||||||||||||spa|d | ||
| 999 | |c 339035 |d 339033 | ||
| 020 | |a 9789701514573 | ||
| 040 | |c Pontificia Universidad Católica de Valparaíso | ||
| 082 | 0 | 4 | |a 003.3 |b RIO |2 21 |
| 100 | 0 | |a Ríos Insúa, David |e author |9 545733 | |
| 245 | 1 | 0 | |a Simulación: métodos y aplicaciones |
| 250 | |a 2a. ed | ||
| 260 | |a Ciudad de México |b Alfaomega |c 2009 | ||
| 300 | |a 388 p | ||
| 583 | |a last modification |c 20121108 09:42:47 |k Rodrigo Vera | ||
| 650 | 0 | |a Simulación por computador |2 CL-VaPUC |9 260988 | |
| 650 | 0 | |a Método de Montecarlo |2 CL-VaPUC |9 408990 | |
| 650 | 0 | |a Probabilidades |9 260199 | |
| 700 | 0 | |a Ríos Insúa, Sixto |e author |9 545734 | |
| 700 | 0 | |a Martín Jiménez, Jacinto |e author |9 545735 | |
| 700 | 0 | |a Jiménez Martín, Antonio |e author |9 545736 | |
| 942 | |c BK |2 ddc | ||
| 945 | |d 20091217 00:00:00 |a rbrito | ||
| 952 | |0 0 |1 0 |4 0 |6 003_300000000000000_RIO_2009 |7 0 |8 A |9 432399 |a BIBGIM |b BIBGIM |d 2019-11-22 |i 4625986 |o 003.3 RIO 2009 |p 4625986 |r 2025-01-15 |w 2019-11-22 |y BK |k COM | ||
| 952 | |0 0 |1 0 |3 erb |4 0 |6 003_300000000000000_RIO_2009 |7 0 |8 A |9 432400 |a BIBING |b BIBING |i 5241529 |o 003.3 RIO 2009 |p 5241529 |r 2023-03-02 |w 2019-11-22 |y BK |z Catalogado en:20151002 |k CCI | ||